00821nam a2200241Ia 450000500170000000800410001702000150005824500710007325000190014430000270016365000370019065000490022765000510027665000260032765000210035370000300037426400400040433600270044433700330047133800280050404000350053208400120056720220317000616.0160601s2002 ag g 000 0 spa  a950152231810aLeyendas de América Central cRecopilación y notas Olga Díaz a1a. edición  a124 páginas c21 cm 142LEMBaLeyendas centroamericanas 142LEMBaLeyendas indígenas centroamericanas 142LEMBaLiteratura folclórica centroamericana 142LEMBaLeyendas mayas 14aLiteratura maya 1 aDíaz, Olgaecompilador  aBuenos Aires bJavier Vergarac2002 atextobtxt2rdacontent asin mediaciónbn2rdamedia avolumenbnc2rdacarrier aCO-BoRNBPbspaerdacCO-BoRNBP aLM LEY6